Bled Conjugaison, (Record no. 6445)

MARC details
005 - DATE AND TIME OF LATEST TRANSACTION
control field 20250630055403.0
020 ## - INTERNATIONAL STANDARD BOOK NUMBER
International Standard Book Number 2-01-168986-4
082 ## - DEWEY DECIMAL CLASSIFICATION NUMBER
Classification number 445 BLE
100 ## - MAIN ENTRY--PERSONAL NAME
Author name BLUED, E.
245 ## - TITLE STATEMENT
Title Bled Conjugaison,
260 ## - PUBLICATION, DISTRIBUTION, ETC.
Name of publisher, distributor, etc. HACHETTE Education,
Date of publication, distribution, etc. 2003.
300 ## - PHYSICAL DESCRIPTION
Extent 255p,: ill.; figure
Other physical details Index
Dimensions 22.5cm
700 ## - ADDED ENTRY--PERSONAL NAME
Other authors/Editors BLED, O.
942 ## - ADDED ENTRY ELEMENTS (KOHA)
Source of classification or shelving scheme Dewey Decimal Classification
Koha item type Books
Holdings
Date last seen Total checkouts Full call number Barcode Cost, replacement price Price effective from Koha item type Lost status Source of classification or shelving scheme Damaged status Not for loan Withdrawn status Home library Current library Shelving location Date acquired Cost, normal purchase price
06/30/2025   445 BLE DOM0003834 60000.00 06/29/2025 Books   Dewey Decimal Classification       CBE Dodoma CBE Dodoma General Collection 06/29/2003 20000.00
06/30/2025   445 BLE DOM0003835 60000.00 06/29/2025 Books   Dewey Decimal Classification       CBE Dodoma CBE Dodoma General Collection 06/29/2003 20000.00
06/30/2025   445 BLE DOM0004487 60000.00 06/29/2025 Books   Dewey Decimal Classification       CBE Dodoma CBE Dodoma General Collection 06/29/2003 20000.00